| 000 | 01388cam a2200409 a 4500 | ||
|---|---|---|---|
| 001 | 13260117 | ||
| 003 | OSt | ||
| 005 | 20140310182814.0 | ||
| 008 | 030702s2005 ohua 001 0 eng | ||
| 010 | _a 2003109348 | ||
| 020 | _a9789814226769 | ||
| 020 | _a9789814226769 | ||
| 035 | _a(DLC) 2003109348 | ||
| 040 |
_aDLC _cDLC _dDLC |
||
| 050 | 0 | 0 |
_aHF 5718 _b.B821 2007 |
| 082 |
_aM 651.721 _bB73 2007 |
||
| 100 | 1 | _aBrantley, Clarice Pennebaker. | |
| 245 | 1 | 0 |
_aEffective communication for colleges _cBrantley, Clarice Pennebaker |
| 250 | _a10th ed. | ||
| 260 |
_aMason, OH _bThomson/South-Western _cc2007 |
||
| 300 |
_a 480 p. _bcol. ill. _c28 cm. + _e1 CD-ROM (4 3/4 in.) |
||
| 500 | _aIncludes index. | ||
| 521 | _aCollege | ||
| 526 | _c0L -1700L | ||
| 538 | _aSystem requirements for accompanying CD-ROM: Microsoft Windows. | ||
| 541 | _j1 | ||
| 541 | _j2 | ||
| 562 | _e2 | ||
| 650 | 0 |
_aBusiness communication _vHandbooks, manuals, etc. |
|
| 650 | 0 |
_aBusiness writing _vHandbooks, manuals, etc. |
|
| 650 | 0 |
_aBusiness _xCommunication systems _xData processing. |
|
| 700 | 1 | _aMiller, Michele Goulet. | |
| 856 | 4 | 1 |
_3Table of contents _uhttp://www.loc.gov/catdir/toc/fy045/2003109348.html |
| 906 |
_a7 _bcbc _corignew _d3 _eepcn _f20 _gy-gencatlg |
||
| 942 |
_2lcc _cBK _kM |
||
| 999 |
_c16245 _d16245 |
||